Háromszázhuszonegy válasz
Elmentve itt :
| Szerző: | |
|---|---|
| Dokumentumtípus: | Cikk |
| Megjelent: |
1977-03-31
|
| Sorozat: | Délmagyarország
67 No. 76 |
| Kulcsszavak: | anya- és csecsemővédelem |
| Online Access: | http://dmarchiv.bibl.u-szeged.hu/102880 |
| LEADER | 00465nab a2200157 i 4500 | ||
|---|---|---|---|
| 001 | delm102880 | ||
| 005 | 20190529133514.0 | ||
| 008 | 190529s1977 hu o 0|| hun d | ||
| 040 | |a SZTE Délmagyarország Archívum |b hun | ||
| 041 | |a hun | ||
| 100 | 1 | |a Szalma Gézáné | |
| 245 | 1 | 0 | |a Háromszázhuszonegy válasz |h [elektronikus dokumentum] / |c Szalma Gézáné |
| 260 | |c 1977-03-31 | ||
| 300 | |a 3 | ||
| 490 | 0 | |a Délmagyarország |v 67 No. 76 | |
| 695 | |a anya- és csecsemővédelem | ||